El pensamiento y la acción en la vida de Juan Pablo Duarte / (Registro nro. 13670)

Detalles MARC
000 -LIDER
fixed length control field 01795nam a2200277 a 4500
003 - IDENTIFICACDOR DE NÚMERO DE CONTROL
control field DO-SdBNP
005 - DATE AND TIME OF LATEST TRANSACTION
control field 20210819135518.0
008 - ELEMENTOS DE LONGITUD FIJA
fixed length control field 081030s2007 dr 001 0 spa d
020 ## - ISBN
International Standard Book Number 9789945859119
040 ## - FUENTE DE CATALOGACIÓN
Agencia que crea de manera original el registro DO-SdBNP
Idioma de catalogación spa
Agencia que realiza la transcripción BPMSU
082 ## - NÚMERO DE CLASIFICACIÓN DECIMAL DE DEWEY
Classification number 923.27293
Item number D812P, 2007
Edition number 22
100 1# - ASIENTO PRINCIPAL -- NOMBRE PERSONAL
Nombre personal Pérez, Carlos Federico,
Fechas asociadas con el nombre 1912-1984
245 13 - MENCIÓN DE TITULO
Título El pensamiento y la acción en la vida de Juan Pablo Duarte /
Mención de responsabilidad Carlos Federico Pérez y Pérez.
250 ## - MENCIÓN DE EDICION
Mención de edición 2a ed.
260 ## - PUBLICACIÓN, DISTRIBUCIÓN, ETC. (PIE DE IMPRENTA)
Lugar de publicación, distribución, etc Santo Domingo :
Nombre del editor, distribuidor, etc. Banreservas,
Fecha de publicación, distribución, etc 2007.
300 ## - DESCRIPCIÓN FÍSICA
Extensión 278 p. ;
Dimensiones 23 cm.
490 0# - MENCIÓN DE SERIES
Mención de serie Bibliófilos ;
Volume/sequential designation 1
500 ## - NOTA GENERAL
Nota general Incluye bibliografía adicional por orden cronológico e índice onomástico
505 0# - NOTA DE CONTENIDO
Texto normalizado de contenido Presentación -- Exordio -- Duarte, praxis e ideología en la obra de Carlos Federico Pérez y Pérez -- Palabras previas -- El legado tradicional en Santo Domingo y las ideas nuevas en el lapso de 1785 a 1809 -- El período de la España Boba: 1809-1821 -- Acerca de la entrada y actuación de Duarte en la historia -- Los cimientos ideológicos -- Al pensamiento siguió la acción -- Surge el núcleo de la revolución: La Trinitaria -- La etapa del dinamismo revolucionario -- El hombre de acción -- Duarte se proyecta en ausencia -- ¡Salve al Padre de la Patria! -- La política como magisterio -- El pensamiento de Duarte según las ideas y los hechos -- Una mirada al verso -- ¡El revolucionario no había muerto! -- A modo de balance final -- Cronología de la vida de Juan Pablo Duarte 1813-1876 -- Bibliografía adicional por orden cronológico --Anexo -- Índice onomástico.
590 ## - NOTA LOCAL
Enlace Invetariado, 2021/VM
600 10 - ENCABEZAMIENTO DE MATERIA--NOMBRE PERSONAL
Nombre personal Duarte, Juan Pablo,
Fechas asociadas con el nombre 1813-1876
651 #4 - ENCABEZAMIENTO DE MATERIA--NOMBRE GEOGRÁFICO
Nombre geográfico República Dominicana
Subdivisión temática general Historia
Subdivisión cronológica 844-1930
830 #0 - ASIENTO SECUNDARIO DE SERIE--TÍTULO UNIFORME
Título uniforme Bibliófilos
Volume number/sequential designation 1
910 ## - VALIDACIÓN
Validación VMateo V.
942 ## - ADDED ENTRY ELEMENTS (KOHA)
Source of classification or shelving scheme Dewey Decimal Classification
Koha item type Libros
Existencias
Withdrawn status Lost status Source of classification or shelving scheme Damaged status Not for loan Collection code Home library Current library Date acquired Full call number Barcode Date last seen Price effective from Koha item type Copy number
    Dewey Decimal Classification     Colección Dominicana Biblioteca Pública Metropolitana Salomé Ureña Biblioteca Pública Metropolitana Salomé Ureña 08/19/2021 BPMSU CD 923.27293 D812P 2007 BPMSU21080068 08/19/2021 08/19/2021 Libros  
    Dewey Decimal Classification     Colección Dominicana Biblioteca Pública Metropolitana Salomé Ureña Biblioteca Pública Metropolitana Salomé Ureña 08/19/2021 BPMSU CD 923.27293 D812P 2007 BPMSU21080069 08/19/2021 08/19/2021 Libros e.2